LEADER 01113nam0 2200325 450 001 000027268 005 20100331164859.0 010 $a0-87590-457-2 100 $a20100331d1989----km-y0itay50------ba 101 0 $aeng 102 $aUS 105 $aa-------001yy 200 1 $aUnderstanding climate change$fedited by A. Berger, R. E. Dickinson, John W. Kidson. 210 $aWashington, DC$cAmerican Geophysical Union$cInternational Union of Geodesy and Geophysics$dc1989 215 $aXI, 187 p.$cill., mappe$d29 cm. 225 2 $aGeophysical monograph$v52 225 2 $aIUGG$v7 410 0$12001$aGeophysical monograph$v52 410 0$12001$aIUGG$v7 500 10$aUnderstanding climate change$958825 610 1 $aClima cambiamento$aCongressi 676 $a551.6$v21$9Climatologia e tempo atmosferico 702 1$aBerger,$bAndré 702 1$aDickinson,$bRobert Earl 702 1$aKidson,$bJohn W. 801 0$aIT$bUNIPARTHENOPE$c20100331$gRICA$2UNIMARC 912 $a000027268 951 $aDISAM 551.6/30$bM 423$cDISAM$d2010 996 $aUnderstanding climate change$958825 997 $aUNIPARTHENOPE LEADER 01741nam0 2200409 i 450 001 CFI0121039 005 20231121125438.0 010 $a8815014055 020 $aIT$b90-3498 100 $a20021021d1987 ||||0itac50 ba 101 | $aita$ceng 102 $ait 181 1$6z01$ai $bxxxe 182 1$6z01$an 200 1 $a˜L'œidea di progresso nell'antichità classica$fLudwig Edelstein 210 $aBologna$cIl mulino$d\1987! 215 $a300 p.$d21 cm 225 | $aUniversale paperbacks Il mulino$v203 300 $aTrad. di Marco Fantuzzi, rev. di Giovanni Climaco. 410 0$1001CFI0000033$12001 $aUniversale paperbacks Il mulino$v203 500 10$a˜The œidea of progress in classical antiquity$3CFI0121040$9CFIV074558$9221268 606 $aProgresso$xTeorie$xAntichità$xStoria$2FIR$3RMLC410233$9I 606 $aProgresso $xGrecia antica$2FIR$3RMLC189379$9I 606 $aFilosofia greca$xSec. 6.-1. a. C.$2FIR$3RMLC189380$9I 676 $a901$9FILOSOFIA E TEORIA DELLA STORIA$v21 676 $a901.9$9$v21 700 1$aEdelstein$b, Ludwig$3CFIV074558$4070$0162256 801 3$aIT$bIT-01$c20021021 850 $aIT-RM028 $aIT-FR0084 $aIT-FR0017 899 $aBiblioteca Universitaria Alessandrina$bRM028 899 $aBiblioteca Del Monumento Nazionale Di Montecassino$bFR0084 899 $aBiblioteca umanistica Giorgio Aprea$bFR0017 $eN 912 $aCFI0121039 950 0$aBiblioteca umanistica Giorgio Aprea$d 52MAG 6/70$e 52MAG0000177965 VMB RS $fA $h20211011$i20211011 977 $a 01$a 25$a 52 996 $aIdea of progress in classical antiquity$9221268 997 $aUNICAS